00473pab a2200145 454500008004000000100002500040245013200065260000900197300001300206362000800219650002300227650002000250700002200270773003500292180718b2013 xxu||||| |||| 00| 0 eng d aBrancaccio, Emiliano aSolvency rule versus taylor rule: An alternative interpretation of the relation between monetary policy and the economic crisis c2013 ap.17-33. aJan aEconomic recession aMonetary policy aFontana, Giuseppe aCambridge Journal of Economics